| 000 | 00560nam a2200169 a 4500 | ||
|---|---|---|---|
| 001 | 11288 | ||
| 005 | 20180713195438.0 | ||
| 008 | 140415s1980 000 0 spa d | ||
| 041 | _aspa | ||
| 082 |
_a335.4 _bROS |
||
| 100 | 1 | _aROSDOLSKY, ROMAN | |
| 245 | 1 | 0 |
_aFRIEDRICH ENGELS Y EL PROBLEMA DE LOS PUEBLOS SIN HISTO... : _bLA CUESTION DE LA NACIONALIDADES EN LA REVOLUCION DE .... |
| 260 |
_a[s.l.] : _bEDICIONES PASADO Y PRESENTE, _c1980 |
||
| 300 | _a224 | ||
| 490 |
_aCUADERNOS DE PASADO Y PRESENTE _v88 |
||
| 650 | 1 | 4 |
_aFILOSOFIA _xMARXISMO |
| 999 |
_c11288 _d11288 |
||